Basic tables for tertiary planning units

Uložené v:
Podrobná bibliografia
Médium: Kniha
Jazyk:English
Chinese
Vydavateľské údaje: HongKong Census and Statistics Department 2001
Edícia:Population Census
Predmet:
Tagy: Pridať tag
Žiadne tagy, Buďte prvý, kto otaguje tento záznam!

MARC

LEADER 00000nam a2200000 4500
001 c133916
005 20221124102820.8
041 0 |a eng 
041 0 |a chi 
044 |a CN 
245 1 0 |a Basic tables for tertiary planning units 
264 1 |a HongKong  |b Census and Statistics Department  |c 2001 
300 |a 483 s. 
490 1 |a Population Census 
830 0 |a Population Census 
610 2 0 |a štatistika 
610 2 0 |a Hongkong